000 00324nam a2200133Ia 4500
008 191201s2011 xx 000 0 und d
082 _a658.0018
_bSHC
100 _aSHARMA,Deepti
245 0 _aComputer Applications in Management
260 _aN. Delhi
_bAne Books
_c2011
300 _a164
650 _aBBA
942 _2ddc
_cBK
999 _c4937
_d4937